Bible infographic for kids / (Record no. 13812)
[ view plain ]
| 000 -LEADER | |
|---|---|
| fixed length control field | 00506nam a2200169 4500 |
| 020 ## - ISBN | |
| ISBN | 9789710098477 |
| 082 ## - DEWEY DECIMAL CLASSIFICATION NUMBER | |
| Classification number | Fil./Ref. 220.61 B58212 2018 |
| 245 ## - TITLE STATEMENT | |
| Title | Bible infographic for kids / |
| 260 ## - PUBLICATION, DISTRIBUTION, ETC. (IMPRINT) | |
| Place of publication, distribution, etc. | Oregon |
| Name of publisher, distributor, etc. | Harvest House publishers |
| Date of publication, distribution, etc. | c2018 |
| 300 ## - PHYSICAL DESCRIPTION | |
| Extent/Page number | 55 pages : |
| Other physical details | illustrations ; |
| Dimensions | 27 x 23 cm. |
| 504 ## - BIBLIOGRAPHY, ETC. NOTE | |
| Bibliography, etc | Includes bonus board game. |
| 526 ## - STUDY PROGRAM INFORMATION NOTE | |
| PROGRAM TYPE | Religion (men’s faith) |
| SUB-PROGRAM TYPE | Bible |
| 650 ## - SUBJECT ADDED ENTRY--TOPICAL TERM | |
| Topical term or geographic name as entry element | Bible stories, English -- Juvenile literature |
| 650 ## - SUBJECT ADDED ENTRY--TOPICAL TERM | |
| Topical term or geographic name as entry element | Christianity |
| 650 ## - SUBJECT ADDED ENTRY--TOPICAL TERM | |
| Topical term or geographic name as entry element | Bible records |
| 942 ## - ADDED ENTRY ELEMENTS | |
| Classification | |
| Item type | Book |
| Withdrawn status | Lost status | Source of classification or shelving scheme | Damaged status | Not for loan | Collection code | Permanent Location | Current Location | Shelving location | Date acquired | Source of acquisition | Cost, normal purchase price | Full call number | Barcode | Date last seen | Cost, replacement price | Price effective from | Item type |
|---|---|---|---|---|---|---|---|---|---|---|---|---|---|---|---|---|---|
| Filipiniana | Grade School Library | Grade School Library | Filipiniana | 2026-02-03 | MIBF | 445.00 | Ref/Fil. 220.6/1 B58212 2018 | GS5769 | 2026-02-03 | 900.00 | 2026-02-03 | Book |